000 00791nam a22002655a 4500
001 17028687
005 20131031104747.0
008 111031s2013 mau r 001 0 eng
010 _a 2011942386
020 _a1111341966
020 _a9781111341961
040 _aDLC
_cDLC
042 _apcc
082 _222
_a320.3
_bBAR
100 1 _aBarrington, Lowell.
_934337
245 1 0 _aComparative politics :
_bstructures and choices /
_cLowell Barrington.
250 _a2nd Ed.
260 _a[Boston, MA] :
_bWadsworth, Cengage Learning ,
_c2013
300 _aXXXVI, 431 p. :
_bill. ;
504 _aIncludes bibliographical references (p.401-418) & index
650 _96707
_aComparative government.
653 _bPol
_cOctober2013
655 _vreading book
_934232
942 _2ddc
_cBB
999 _c17722
_d17694